Detalles MARC
| 000 -LIDER |
| fixed length control field |
00898nam a22002891i 4500 |
| 001 - NÚMERO DE CONTROL |
| Identificador de número de control |
01162936 |
| 003 - IDENTIFICACDOR DE NÚMERO DE CONTROL |
| control field |
DO-SdBNP |
| 005 - DATE AND TIME OF LATEST TRANSACTION |
| control field |
20180417084525.0 |
| 007 - CAMPOS FIJOS DE DESCRIPCIÓN FÍSICA |
| fixed length control field |
01162936 |
| 008 - ELEMENTOS DE LONGITUD FIJA |
| fixed length control field |
930725s1978 dr spa |
| 016 7# - NO. DE CONTROL DE LA AGENCIA BIB. NACIONAL |
| Record control number |
|
| Canceled/invalid record control number |
|
| Source |
BPMSU |
| 017 ## - NÚMERO DE REGISTRO DE DERECHOS DE AUTOR |
| Copyright or legal deposit number |
|
| Assigning agency |
|
| 020 ## - ISBN |
| International Standard Book Number |
8439983298 |
| 035 ## - NÚMERO LOCAL |
| System control number |
|
| 040 ## - FUENTE DE CATALOGACIÓN |
| Agencia que crea de manera original el registro |
BPMSU |
| Idioma de catalogación |
spa |
| Agencia que realiza la transcripción |
BPMSU |
| 080 #0 - NÚMERO DE CLASIFICACIÓN DECIMAL UNIVERSAL |
| Universal Decimal Classification number |
|
| 245 13 - MENCIÓN DE TITULO |
| Título |
La matemática en la vida diaria : |
| Subtítulo |
5º grado / |
| Medio (Designación general de material) |
|
| Mención de responsabilidad |
Adaptado... por Lic. Andrés Arístides Fulcar Berigüette, Prof. Luis Humberto Monsanto Pérez |
| 246 13 - VARIACION DEL TÍTULO |
| Título propiamente dicho o título corto |
Matemática moderna |
| 260 ## - PUBLICACIÓN, DISTRIBUCIÓN, ETC. (PIE DE IMPRENTA) |
| Lugar de publicación, distribución, etc |
Santo Domingo : |
| Nombre del editor, distribuidor, etc. |
Disesa |
| Fecha de publicación, distribución, etc |
1978 |
| 300 ## - DESCRIPCIÓN FÍSICA |
| Extensión |
239 p.: |
| Dimensiones |
22 cm |
| Otros detalles físicos |
|
| 650 #7 - ENCABEZAMIENTO DE MATERIA--TEMÁTICO |
| Término temático o nombre geográfico como elemento de entrada |
Matemáticas |
| Subdivisión de forma |
Libros escolares |
| Fuente del encabezamiento o término |
|
| 700 1# - ASIENTO SECUNDARIO -- NOMBRE PERSONAL |
| Nombre personal |
Fulcar Berigüete, Andrés Aristides |
| 700 1# - ASIENTO SECUNDARIO -- NOMBRE PERSONAL |
| Nombre personal |
Monsanto Pérez, Luis Humberto |
| 942 ## - ADDED ENTRY ELEMENTS (KOHA) |
| Source of classification or shelving scheme |
Dewey Decimal Classification |
| Koha item type |
Libros |
| 945 ## - INFORMACIÓN DE PROCESAMIENTO LOCAL |
| Información de procesamiento local |
Remanejado para la BNPHU / 2018 VM |
| 956 ## - LOCAL ELECTRONIC LOCATION AND ACCESS (OCLC) |
| Nombre de host |
BTAVAREZ |
| Método de acceso |
10 |
| Materiales especificados |
20171018 |
| Enlace |
0038 |